000 01156nam a2200229Ia 4500
999 _c52147
_d52147
001 19154
003 GE_BSU
005 20210426140917.0
008 181216s2013||||ge |||||||||||||| ||geo||
040 _cGE_BSU
041 _ageo
080 _a81 ჩ-82
100 _aჩოხარაძე, ვარდო
_911616
245 _aთურქიზმები ქართული ენის სამხრულ დიალექტებში /
_cვარდო ჩოხარაძე; სამეცნიერო ხელმძღვანელი მ. ფაღავა; ბათუმის შოთა რუსთაველის სახ-ფო უნ-ტი.
264 _aბათუმი,
_c2013.
300 _a138 გვ. ;
_b30 სმ.
653 _aდისერტაცია
653 _aენათმეცნიერება
653 _aთურქიზმები ქართული ენის სამხრულ დიალექტებში.
700 _aფაღავა, მ.
_eსამეცნიერო ხელმძღვანელი
_91854
942 _cBK
_2udc